[Event "Nizhnij Novgorod Region-ch"]
[Site "Nizhnij Novgorod"]
[Date "2007.10.??"]
[Round "?"]
[White "Bugrov, Ivan"]
[Black "Virovlansky, Semen"]
[Result "0-1"]
[WhiteElo "1998"]
[BlackElo "2448"]
[PlyCount "104"]
[EventDate "2007.10.??"]
[EventType "swiss"]
[EventRounds "9"]
[EventCountry "RUS"]
[SourceTitle "EXT 2009"]
[Source "ChessBase"]
[SourceDate "2008.11.26"]
[SourceVersion "1"]
[SourceVersionDate "2008.11.26"]
[SourceQuality "1"]

1. d4 Nf6 2. c4 e6 3. Nc3 Bb4 4. e3 c5 5. Qc2 0-0 6. Nf3 cxd4 7. exd4 d5 8. Bd3 dxc4 9. Bxc4 Nc6 10. Be3 b6 11. 0-0 Bb7 12. Rac1 Rc8 13. Be2 h6 14. Rfd1 a6 15. a3 Bxc3 16. bxc3 Ne7 17. Qb3 b5 18. a4 Bd5 19. c4 bxc4 20. Bxc4 Rxc4 21. Rxc4 Nf5 22. Qc3 Bxc4 23. Qxc4 Qb6 24. h3 Nd5 25. Bd2 Rd8 26. a5 Qb7 27. Rc1 Nfe7 28. Ne5 Rc8 29. Qd3 Rxc1+ 30. Bxc1 Nf5 31. Bd2 Nc7 32. Nf3 Nb5 33. Qc4 Nbxd4 34. Qd3 Qc6 35. Bb4 Nb5 36. Bc5 Qd5 37. Qe2 f6 38. Bb6 Nfd6 39. Qc2 Qc4 40. Qg6 Qc1+ 41. Kh2 Qf4+ 42. Kg1 Qf5 43. Qg3 Kf7 44. Kh1 g5 45. Kg1 h5 46. h4 g4 47. Nd2 Qc2 48. Qf4 Nf5 49. Ne4 Nbd4 50. Bxd4 Qd1+ 51. Kh2 Qxd4 52. Ng3 Qxf4 0-1

[Event "Nizhnij Novgorod Elo"]
[Site "Nizhnij Novgorod"]
[Date "2007.10.??"]
[Round "?"]
[White "Korobov, Ilya"]
[Black "Virovlansky, Semen"]
[Result "0-1"]
[WhiteElo "2393"]
[BlackElo "2437"]
[PlyCount "102"]
[EventDate "2007.10.??"]
[EventType "tourn"]
[EventRounds "9"]
[EventCountry "RUS"]
[SourceTitle "CBM 121 Extra"]
[Source "ChessBase"]
[SourceDate "2008.01.10"]
[SourceVersion "1"]
[SourceVersionDate "2008.01.10"]
[SourceQuality "1"]

1. d4 Nf6 2. Nf3 e6 3. c4 b6 4. g3 Ba6 5. Qa4 Bb7 6. Bg2 c5 7. 0-0 cxd4 8. Nxd4 Bxg2 9. Kxg2 Qc8 10. Rd1 a6 11. f3 Be7 12. e4 0-0 13. Be3 Qb7 14. Nc3 Rc8 15. e5 Ne8 16. Ne4 f6 17. exf6 Nxf6 18. Nxf6+ Bxf6 19. Rd2 Qc7 20. Rc1 Qb7 21. Qb3 Ra7 22. Ne2 Rc6 23. a4 Bd8 24. Nd4 Rc8 25. Qd1 Be7 26. Nb3 Ra8 27. Kf2 Rf8 28. f4 Bb4 29. Rd3 Rf7 30. Qf3 Nc6 31. Kg1 Rc8 32. Qe4 Qc7 33. c5 bxc5 34. Nxc5 Bxc5 35. Bxc5 a5 36. Rcd1 h6 37. Rb3 Rb8 38. Rb5 Re8 39. Bb6 Qc8 40. Rc1 Qa8 41. Rcc5 d5 42. Qd3 Ne7 43. Rxa5 Qb8 44. Rab5 Nf5 45. a5 Qa8 46. Rb3 d4 47. Qf3 Qa6 48. Rd3 e5 49. Rxe5 Rxe5 50. fxe5 Ne3 51. Qe2 Rf1+ 0-1

[Event "Nizhnij Novgorod Elo"]
[Site "Nizhnij Novgorod"]
[Date "2007.10.??"]
[Round "?"]
[White "Rozkov, Nikolai"]
[Black "Virovlansky, Semen"]
[Result "1/2-1/2"]
[WhiteElo "2370"]
[BlackElo "2437"]
[PlyCount "21"]
[EventDate "2007.10.??"]
[EventType "tourn"]
[EventRounds "9"]
[EventCountry "RUS"]
[SourceTitle "CBM 121 Extra"]
[Source "ChessBase"]
[SourceDate "2008.01.10"]
[SourceVersion "1"]
[SourceVersionDate "2008.01.10"]
[SourceQuality "1"]

1. e4 e5 2. Nf3 Nc6 3. Bb5 a6 4. Bxc6 dxc6 5. 0-0 f6 6. d4 exd4 7. Qxd4 Qxd4 8. Nxd4 Bd7 9. Be3 0-0-0 10. Nc3 Bb4 11. Nde2 1/2-1/2

[Event "Nizhnij Novgorod Elo"]
[Site "Nizhnij Novgorod"]
[Date "2007.10.??"]
[Round "?"]
[White "Virovlansky, Semen"]
[Black "Belenov, Dmitry N"]
[Result "1-0"]
[WhiteElo "2437"]
[BlackElo "2364"]
[PlyCount "83"]
[EventDate "2007.10.??"]
[EventType "tourn"]
[EventRounds "9"]
[EventCountry "RUS"]
[SourceTitle "CBM 121 Extra"]
[Source "ChessBase"]
[SourceDate "2008.01.10"]
[SourceVersion "1"]
[SourceVersionDate "2008.01.10"]
[SourceQuality "1"]

1. Nf3 Nf6 2. d4 d5 3. c4 c6 4. e3 e6 5. Nbd2 Nbd7 6. Bd3 Bd6 7. 0-0 0-0 8. e4 e5 9. cxd5 cxd5 10. exd5 exd4 11. Nc4 Bc5 12. Bg5 Nb6 13. Nxb6 Bxb6 14. Bc2 h6 15. Bh4 Qd6 16. Qd3 g6 17. Bb3 Nxd5 18. Qe4 Be6 19. Bg3 Qd7 20. Be5 f5 21. Qd3 Bf7 22. Rad1 Nb4 23. Qd2 Bxb3 24. Qxh6 Rf6 25. Ng5 Qe7 26. Bxf6 Qxf6 27. Qh7+ Kf8 28. Qxb7 Qc6 29. Qxc6 Nxc6 30. axb3 Re8 31. Rfe1 Rxe1+ 32. Rxe1 Na5 33. b4 Nc4 34. Rb1 Ke7 35. b3 Nd2 36. Rb2 Ne4 37. Nxe4 fxe4 38. Re2 e3 39. fxe3 d3 40. Re1 Ke6 41. Kf2 Ke5 42. Kf3 1-0